| 000 | 00446nam a2200181Ia 4500 | ||
|---|---|---|---|
| 005 | 20240823061456.0 | ||
| 008 | 240823s9999||||xx |||||||||||||| ||und|| | ||
| 041 | _aENGLISH | ||
| 082 | _A005.133 P6 | ||
| 100 | _aDeepa Lakshmi M et al. | ||
| 245 | 0 | _aText Book on Computer Programming | |
| 250 | _a1st | ||
| 260 |
_c2006 _bRohini Age |
||
| 500 | _aYES | ||
| 650 |
_aComputer Programming _bComputer Science |
||
| 942 | _cBK | ||
| 999 |
_c233623 _d233623 |
||